<?xml version="1.0" encoding="UTF-8"?>
<record
    xmlns:xsi="http://www.w3.org/2001/XMLSchema-instance"
    xsi:schemaLocation="http://www.loc.gov/MARC21/slim http://www.loc.gov/standards/marcxml/schema/MARC21slim.xsd"
    xmlns="http://www.loc.gov/MARC21/slim">

  <leader>00372nam a22000857a 4500</leader>
  <controlfield tag="008">150828b        xxu||||| |||| 00| 0 eng d</controlfield>
  <datafield tag="082" ind1=" " ind2=" ">
    <subfield code="a">378.16 HUM</subfield>
  </datafield>
  <datafield tag="245" ind1=" " ind2=" ">
    <subfield code="a">GUIDELINES FOR THE FUTURE HUMAN - and anti human - VALUES IN CHILDREN'S BOOKS</subfield>
    <subfield code="b">A CONTENT RATING INSTRUMENT FOR EDUCATORS AND CONCERNED PARENTS</subfield>
  </datafield>
  <datafield tag="260" ind1=" " ind2=" ">
    <subfield code="a">NEW YORK</subfield>
    <subfield code="b">COUNCIL ON INTERRACIAL BOOKS FOR CHILDREN, INC.</subfield>
    <subfield code="c">1976</subfield>
  </datafield>
  <datafield tag="999" ind1=" " ind2=" ">
    <subfield code="c">1573</subfield>
    <subfield code="d">1573</subfield>
  </datafield>
  <datafield tag="952" ind1=" " ind2=" ">
    <subfield code="0">0</subfield>
    <subfield code="1">0</subfield>
    <subfield code="2">ddc</subfield>
    <subfield code="4">0</subfield>
    <subfield code="6">378_160000000000000_HUM</subfield>
    <subfield code="7">0</subfield>
    <subfield code="9">2476</subfield>
    <subfield code="a">1000</subfield>
    <subfield code="b">1000</subfield>
    <subfield code="c">Ground Floor </subfield>
    <subfield code="d">2015-08-28</subfield>
    <subfield code="l">0</subfield>
    <subfield code="o">378.16 HUM</subfield>
    <subfield code="p">000000002693</subfield>
    <subfield code="r">2019-07-29</subfield>
    <subfield code="w">2015-08-28</subfield>
    <subfield code="y">BOOKS</subfield>
  </datafield>
</record>
